| 000 | 00427 a2200157 4500 | ||
|---|---|---|---|
| 005 | 20250425162854.0 | ||
| 020 | _a978-0-07-017054-4 | ||
| 082 | _a657.45 WHI | ||
| 100 | _aWHITTNGTON, O. R. | ||
| 245 | _aPrinciples of Auditing & Other Assurance Services. | ||
| 250 | _a17th Ed. | ||
| 260 |
_aLondon, _bMcgraw- Hill Irwin, _c2010. |
||
| 300 |
_axxx,833p.: Ill.;figures _bIndex _c26cm. |
||
| 700 | _aPANY, K. | ||
| 942 |
_2ddc _cBKS |
||
| 999 |
_c1680 _d1680 |
||